000 00562 a2200217 4500
005 20260210141802.0
008 260210b |||||||| |||| 00| 0 eng d
020 _a9781266797996
_c£ 58.99
040 _aMAIN
082 _a616.9041
_bC839M
100 _aSmith, Heidi
245 _aMicrobiology fundamentals: A clinical approach
260 _bMcGraw-Hill
_c2024
_aNew York
300 _av
650 _aMicrobiology
650 _aDiseases
650 _aInfectious
650 _aClinical Microbiology
700 _aCown, Marjorie Kelly
942 _cBK
999 _c395814
_d395814